Christian experience : (Record no. 9885)

MARC details
000 -LEADER
fixed length control field 00527nam a22001817a 4500
003 - CONTROL NUMBER IDENTIFIER
control field GBCCL
005 - DATE AND TIME OF LATEST TRANSACTION
control field 20241126110720.0
008 - FIXED-LENGTH DATA ELEMENTS--GENERAL INFORMATION
fixed length control field 230818b ||||| |||| 00| 0 eng d
040 ## - CATALOGING SOURCE
Transcribing agency gbc
082 ## - DEWEY DECIMAL CLASSIFICATION NUMBER
Classification number 227.8107
Item number CHR
245 ## - TITLE STATEMENT
Title Christian experience :
Remainder of title 1 & 2 Thessalonians, Philippians
260 ## - PUBLICATION, DISTRIBUTION, ETC.
Place of publication, distribution, etc. Secunderabad :
Name of publisher, distributor, etc. CEEFI,
Date of publication, distribution, etc. 1985
300 ## - PHYSICAL DESCRIPTION
Extent 71pages
440 ## - SERIES STATEMENT/ADDED ENTRY--TITLE
Title Adult Bible study
9 (RLIN) 17191
650 ## - SUBJECT ADDED ENTRY--TOPICAL TERM
Topical term or geographic name entry element Bible
Form subdivision NT
General subdivision 1 & 2 Thessalonians
-- study
9 (RLIN) 17192
650 ## - SUBJECT ADDED ENTRY--TOPICAL TERM
Topical term or geographic name entry element Bible
Form subdivision NT
General subdivision Philippians
-- study
9 (RLIN) 17193
942 ## - ADDED ENTRY ELEMENTS (KOHA)
Source of classification or shelving scheme Dewey Decimal Classification
Koha item type Books
Holdings
Withdrawn status Lost status Source of classification or shelving scheme Damaged status Not for loan Home library Current Library Shelving location Date acquired Total checkouts Full call number Barcode Date last seen Date last checked out Copy number Price effective from Koha item type
    Dewey Decimal Classification     GRACE BIBLE COLLEGE GRACE BIBLE COLLEGE Biblical Studies 2023-08-18 1 227.8107 CHR 020399 2026-03-10 2026-03-06 c.1 2023-08-18 Books
© Grace Bible College Library 2025